[Event "Breisacher Memorial"]
[Site "Biel SUI"]
[Date "2013.07.22"]
[Round "1.1"]
[White "Nepomniachtchi, Ian"]
[Black "Bacrot, Etienne"]
[Result "1/2-1/2"]
[WhiteTitle "GM"]
[BlackTitle "GM"]
[WhiteElo "2717"]
[BlackElo "2714"]
[WhiteFideId "4168119"]
[BlackFideId "605506"]
[EventDate "2012.07.22"]

1. d4 d5 2. c4 e6 3. Nc3 Nf6 4. cxd5 Nxd5 5. e4 Nxc3 6. bxc3 c5 7. Rb1 cxd4 8.
cxd4 Nc6 9. Bb5 a6 10. Bxc6+ bxc6 11. Nf3 c5 12. O-O Be7 13. Qc2 cxd4 14. Rd1
O-O 15. Rxd4 Qe8 16. e5 f6 17. Bf4 Qg6 18. Qd1 Ra7 19. Rc1 f5 20. Be3 Bb7 21.
Rd2 Raa8 22. Rc7 f4 23. Bd4 Rab8 24. h3 Bd8 25. Rc1 Ba5 26. Rb2 Bd5 27. Rxb8
Rxb8 28. Kh2 Qe8 29. Bc5 Rc8 30. Bd4 Bb4 31. a3 Be7 32. Ne1 Rxc1 33. Qxc1 Qc6
34. Qb2 Be4 35. f3 Bf5 36. Qb8+ Kf7 37. Qa7 Qc1 38. Bf2 Qxa3 39. Bh4 Qc5 40. Qd7
a5 41. Nd3 Bxd3 42. Bxe7 Qxe7 43. Qxd3 a4 44. Qd4 a3 45. Qxf4+ Kg8 46. Qa4 1/2-1/2

[Event "Breisacher Memorial"]
[Site "Biel SUI"]
[Date "2013.07.23"]
[Round "2.2"]
[White "Rapport, Richard"]
[Black "Moiseenko, Alexander"]
[Result "0-1"]
[WhiteTitle "GM"]
[BlackTitle "GM"]
[WhiteElo "2693"]
[BlackElo "2699"]
[WhiteFideId "738590"]
[BlackFideId "14102560"]
[EventDate "2012.07.22"]

1. e4 c5 2. Nf3 Nc6 3. Bb5 g6 4. O-O Bg7 5. Re1 Nf6 6. e5 Nd5 7. Nc3 Nc7 8. Bxc6
dxc6 9. Ne4 b6 10. Nf6+ Kf8 11. Ne4 h6 12. d3 g5 13. Ng3 Be6 14. Qe2 Qd5 15. c4
Qd7 16. b3 f5 17. exf6 exf6 18. Bb2 Re8 19. Qc2 h5 20. Re3 h4 21. Ne4 Rh6 22.
Rae1 h3 23. g3 Bf7 24. b4 cxb4 25. d4 a5 26. a3 Kg8 27. axb4 axb4 28. Nfd2 g4
29. Nb3 Rg6 30. Ned2 f5 31. Nf1 b5 32. Nc5 Qc8 33. Rxe8+ Nxe8 34. Re7 bxc4 35.
Ne3 c3 36. Nxf5 cxb2 37. Nd7 Qa8 38. Qxb2 c5 0-1

[Event "Breisacher Memorial"]
[Site "Biel SUI"]
[Date "2013.07.24"]
[Round "3.2"]
[White "Moiseenko, Alexander"]
[Black "Nepomniachtchi, Ian"]
[Result "1/2-1/2"]
[WhiteTitle "GM"]
[BlackTitle "GM"]
[WhiteElo "2699"]
[BlackElo "2717"]
[WhiteFideId "14102560"]
[BlackFideId "4168119"]
[EventDate "2012.07.22"]

1. d4 Nf6 2. c4 g6 3. Nc3 d5 4. Nf3 Bg7 5. e3 O-O 6. b4 Nc6 7. b5 Na5 8. cxd5
Nxd5 9. Nxd5 Qxd5 10. Bd2 Nc4 11. Rc1 Nxd2 12. Qxd2 Qd6 13. Be2 Bd7 14. O-O c6
15. a4 Rfc8 16. Rfd1 cxb5 17. axb5 Rxc1 18. Rxc1 Rc8 19. Rxc8+ Bxc8 20. Qa5 a6
21. h3 axb5 22. Qxb5 e6 23. Nd2 Qc7 24. Bf3 Qc1+ 25. Nf1 Qc7 26. Nd2 Qc1+ 27.
Nf1 Qc7 1/2-1/2

[Event "Breisacher Memorial"]
[Site "Biel SUI"]
[Date "2013.07.29"]
[Round "7.2"]
[White "Moiseenko, Alexander"]
[Black "Rapport, Richard"]
[Result "1-0"]
[WhiteTitle "GM"]
[BlackTitle "GM"]
[WhiteElo "2699"]
[BlackElo "2693"]
[WhiteFideId "14102560"]
[BlackFideId "738590"]
[EventDate "2012.07.22"]

1. d4 e6 2. Nf3 c5 3. g3 b5 4. Bg2 Bb7 5. c3 Nf6 6. O-O Na6 7. Na3 Nc7 8. Bf4
Ncd5 9. Be5 c4 10. Nc2 Nb6 11. Nd2 Bxg2 12. Bxf6 Qxf6 13. Kxg2 h5 14. h4 Qg6 15.
e4 Be7 16. Rh1 O-O 17. Ne3 f5 18. exf5 exf5 19. f4 Bd6 20. Qf3 Rae8 21. Rhe1 Na4
22. Rab1 Re6 23. Kf2 Nb6 24. Nd5 Rfe8 25. Nxb6 axb6 26. Qd5 Qg4 27. Nf3 g5 28.
Nxg5 Bxf4 29. gxf4 Qxh4+ 30. Kf1 Qxf4+ 31. Nf3 Kh8 32. Rxe6 Rxe6 33. Re1 Rxe1+
34. Kxe1 d6 35. Ke2 h4 36. Qe6 h3 37. Qf6+ Kg8 38. Qg6+ Kf8 39. Qf6+ Kg8 40.
Qg6+ Kf8 41. Kf2 h2 42. Qh5 Qc1 43. Qxf5+ Ke7 44. Qh7+ Kd8 45. Qxh2 Qxb2+ 46.
Kf1 Qc1+ 47. Ke2 Qc2+ 48. Nd2 Kc7 49. a3 Qxc3 50. Qxd6+ Kb7 51. Qd7+ Ka6 52.
Qc8+ Ka7 53. Qc7+ Ka8 54. Qc6+ Ka7 55. Qxb5 Qd3+ 56. Kd1 Qxd4 57. Qxc4 Qa1+ 58.
Qc1 Qg7 59. Kc2 b5 60. Nb3 Ka6 61. Qd2 Qg6+ 62. Kb2 Qc6 63. Qf2 Qh6 64. Nc5+ Kb6
65. Ne6+ Kb7 66. Qg2+ Kb6 67. Qg1+ Ka6 68. Nc7+ Kb7 69. Nxb5 Qd2+ 70. Ka1 Ka6
71. Nd4 Qc3+ 72. Ka2 Qd2+ 73. Kb1 Qd3+ 74. Kb2 Qd2+ 75. Nc2 1-0

[Event "Breisacher Memorial"]
[Site "Biel SUI"]
[Date "2013.07.30"]
[Round "8.1"]
[White "Nepomniachtchi, Ian"]
[Black "Moiseenko, Alexander"]
[Result "1-0"]
[WhiteTitle "GM"]
[BlackTitle "GM"]
[WhiteElo "2717"]
[BlackElo "2699"]
[WhiteFideId "4168119"]
[BlackFideId "14102560"]
[EventDate "2012.07.22"]

1. e4 c5 2. Nf3 Nc6 3. Bb5 e6 4. Bxc6 bxc6 5. b3 d6 6. e5 dxe5 7. Nxe5 Qd5 8.
Nf3 Qe4+ 9. Kf1 Qf5 10. Na3 Ba6+ 11. d3 Bd6 12. h3 Ne7 13. Qe1 e5 14. Nd2 O-O
15. Nac4 Bxc4 16. Nxc4 Qe6 17. Bb2 f6 18. Qe4 Nd5 19. Re1 Rae8 20. Qf3 Bc7 21.
h4 Nb6 22. Nd2 f5 23. h5 h6 24. Rh4 Qd7 25. Qd1 Bd8 26. Rh3 Bf6 27. Ba3 Qd6 28.
Kg1 e4 29. Nf1 Bd4 30. c3 Bxc3 31. dxe4 Qe5 32. Re2 fxe4 33. Nd2 Rd8 34. Qc1 Bd4
35. Nxe4 Rxf2 36. Rxf2 Qxe4 37. Bxc5 Bxf2+ 38. Bxf2 Qe2 39. Qe3 Rd1+ 40. Kh2 Rd2
41. Qxe2 Rxe2 42. Bd4 Rxa2 43. Rg3 Ra5 44. Rxg7+ Kf8 45. g4 Rd5 46. Bc3 Rd3 47.
Ba1 Rd2+ 48. Kg3 Ra2 49. Bf6 Nd5 50. Rg6 Nxf6 51. Rxf6+ Kg7 52. Rg6+ Kh7 53.
Rxc6 a5 54. Rc7+ Kg8 55. Kf4 a4 56. b4 Rb2 57. Rb7 a3 58. Kf5 Rg2 59. Ra7 a2 60.
b5 Kf8 61. Kf6 Kg8 62. Kf5 Kf8 63. Ke6 Rb2 64. Kf6 Ke8 65. Kg6 Rg2 66. Kxh6 Rxg4
67. Rxa2 Rb4 68. Re2+ Kf7 69. Re5 Kf6 70. Rc5 Rb1 71. Kh7 Rb2 72. h6 Rd2 73.
Rc6+ Kf7 74. b6 Rd8 75. b7 Rb8 76. Rb6 1-0

[Event "Breisacher Memorial"]
[Site "Biel SUI"]
[Date "2013.07.31"]
[Round "9.1"]
[White "Rapport, Richard"]
[Black "Bacrot, Etienne"]
[Result "1/2-1/2"]
[WhiteTitle "GM"]
[BlackTitle "GM"]
[WhiteElo "2693"]
[BlackElo "2714"]
[WhiteFideId "738590"]
[BlackFideId "605506"]
[EventDate "2012.07.22"]

1. e4 e5 2. Nf3 Nc6 3. Nc3 Nf6 4. Bb5 Nd4 5. Ba4 Bc5 6. Nxe5 O-O 7. Nd3 Bb6 8.
e5 c6 9. O-O Ne8 10. Ne2 Nxe2+ 11. Qxe2 Qh4 12. Bb3 d5 13. exd6 Nxd6 14. Ne5 Re8
15. c3 c5 16. Qd3 Qf6 17. Nc4 Nxc4 18. Bxc4 Bc7 19. Qf3 Bxh2+ 20. Kxh2 Qh4+ 21.
Kg1 Qxc4 22. d3 Qg4 23. Qxg4 Bxg4 24. Be3 Be2 25. Rfe1 Bxd3 26. Bxc5 a6 27. Be7
f6 28. Re3 Bb5 29. b3 Kf7 30. Rae1 Bd7 31. c4 Rac8 32. c5 a5 33. f4 Bf5 34. a3
h5 35. Kf2 Bd7 36. Kg3 Ra8 37. Kh4 Bf5 38. Bd6 Rxe3 39. Rxe3 Re8 40. Rxe8 Kxe8
41. Kxh5 Kf7 42. Bc7 Bc2 1/2-1/2

[Event "Breisacher Memorial"]
[Site "Biel SUI"]
[Date "2013.08.01"]
[Round "10.2"]
[White "Bacrot, Etienne"]
[Black "Moiseenko, Alexander"]
[Result "1/2-1/2"]
[WhiteTitle "GM"]
[BlackTitle "GM"]
[WhiteElo "2714"]
[BlackElo "2699"]
[WhiteFideId "605506"]
[BlackFideId "14102560"]
[EventDate "2012.07.22"]

1. d4 Nf6 2. c4 e6 3. Nf3 d5 4. Nc3 Bb4 5. Bg5 h6 6. Bxf6 Qxf6 7. Qb3 c5 8. cxd5
exd5 9. a3 cxd4 10. axb4 dxc3 11. Qxc3 Qxc3+ 12. bxc3 Be6 13. e3 Ke7 14. Nd4 Nd7
15. Kd2 a6 16. Bd3 Rac8 17. Ra5 Rc7 18. Rb1 Rhc8 19. Ra3 Nf6 20. b5 axb5 21.
Rxb5 Ne8 22. Rb6 Nd6 23. Nb5 Rc6 24. Rxc6 Rxc6 25. Nxd6 Kxd6 26. Ra4 Rc8 27. h4
Rc6 28. Rb4 Rc7 29. Rb6+ Kc5 30. Rb4 Kd6 31. Rb6+ Kc5 32. Rb4 1/2-1/2

[Event "Breisacher Memorial"]
[Site "Biel SUI"]
[Date "2013.08.01"]
[Round "10.3"]
[White "Nepomniachtchi, Ian"]
[Black "Rapport, Richard"]
[Result "1/2-1/2"]
[WhiteTitle "GM"]
[BlackTitle "GM"]
[WhiteElo "2717"]
[BlackElo "2693"]
[WhiteFideId "4168119"]
[BlackFideId "738590"]
[EventDate "2012.07.22"]

1. e4 e6 2. d4 d5 3. Nc3 Bb4 4. a3 Bxc3+ 5. bxc3 dxe4 6. Qg4 Nf6 7. Qxg7 Rg8 8.
Qh6 Rg6 9. Qd2 Nc6 10. Ne2 b6 11. c4 Bb7 12. Bb2 Qd6 13. h3 O-O-O 14. O-O-O Ne7
15. Qf4 h5 16. Rg1 Ba6 17. Qe5 Qxe5 18. dxe5 Nd7 19. Re1 e3 20. f3 h4 21. Nf4
Rg5 22. Rxe3 Nc5 23. Re1 Rdg8 24. Bd3 Nc6 25. Bc3 Na4 26. Ba1 Na5 27. g4 Bxc4
28. Bd4 Bxd3 29. Nxd3 R5g7 30. Nb2 Rd8 31. Rd1 Nc6 32. Bf2 Rxd1+ 33. Rxd1 Nxb2
34. Kxb2 Nxe5 35. Bd4 Rg5 36. f4 Nc4+ 37. Kc3 Rd5 38. Kxc4 c5 39. f5 Kc7 40.
fxe6 fxe6 41. a4 a6 42. g5 b5+ 43. axb5 axb5+ 44. Kxb5 cxd4+ 45. Kc4 Rxg5 46.
Rxd4 Rh5 47. Kd3 Rd5 48. Ke3 Rxd4 49. Kxd4 Kd6 50. Ke4 e5 51. c3 Ke6 52. c4 Kd6
53. Kf5 Kc5 54. Kxe5 Kxc4 55. Ke4 1/2-1/2